Combien de ministres du gouvernement Philippe pouvez-vous nommer ? - Statistiques

Statistiques générales
  • Ce quiz a été pris 276 fois
  • Le résultat moyen est 11 sur 22
Statistiques - réponses
Poste Réponse % Correct
Transition écologique et solidaire Nicolas Hulot
83%
Économie Bruno Le Maire
76%
Europe et Affaires étrangères Jean-Yves Le Drian
76%
Intérieur Gérard Collomb
74%
Justice François Bayrou
72%
Action et Comptes publics Gérald Darmanin
64%
Éducation nationale Jean-Michel Blanquer
63%
Sports Laura Flessel
63%
Égalité des femmes et des hommes Marlène Schiappa
58%
Solidarités et Santé Agnès Buzyn
52%
Relations avec le Parlement Christophe Castaner
47%
Culture Françoise Nyssen
43%
Travail Muriel Pénicaud
43%
Armées Sylvie Goulard
40%
Enseignement supérieur Frédérique Vidal
38%
Transports Elisabeth Borne
37%
Cohésion des territoires Richard Ferrand
34%
Outre-mer Annick Girardin
30%
Affaires européennes Marielle de Sarnez
29%
Numérique Mounir Mahjoubi
29%
Agriculture Jacques Mézar
25%
Personnes handicapée Sophie Cluzel
19%
Aucun quiz correspondant
Distribution des résultats
% des personnes avec chaque résultat
Percentile par nombre de réponses
Votre historique - résultats
Vous n’avez pas pris ce quiz